| 000 | 00968cam a22003017a 4500 | ||
|---|---|---|---|
| 003 | CHAP | ||
| 005 | 20220329135057.0 | ||
| 008 | 971013s1956 r 00010 d | ||
| 010 | _a30571 | ||
| 011 | _a31543 | ||
| 035 | _a35655 | ||
| 040 | _cCHAP | ||
| 082 |
_a636.4 _bM37Y 1956 |
||
| 100 | 0 | 0 |
_aMarchi, Ezio. _971273 |
| 245 | 1 | 3 | _aLa cría del cerdo, selección, alimentación, engorde, productos y enfermedades |
| 250 | _a4 ed. | ||
| 260 |
_aBarcelona : _bGustavo Gili, _c1956 |
||
| 300 |
_a502 p. _b: ilus |
||
| 590 |
_aBATCH-UPD _b10 _c20130110 _lUCH01 _h1503 |
||
| 590 |
_aCONVERSION _b10 _c20130109 _lUCH01 _h1317 |
||
| 650 | 1 | 4 |
_aGanado porcino. _945328 |
| 650 | 1 | 4 |
_aGanado porcino _xEnfermedades. _945360 |
| 700 | 0 |
_aPucci, C. _992816 |
|
| 901 | _aBK | ||
| 942 | _cLIBRO | ||
| 949 |
_a636.4 M37Y 1956 _bBC _cLIBRO _d33724000114716 _eLIBRO _h24610 _i35655 _si _t27.50 |
||
| 949 |
_a636.4 M37Y 1956 _bBC _cLIBRO _d33724000114724 _eLIBRO _fc.2 _h24611 _i35655 _si _t27.50 |
||
| 999 |
_c30571 _d30571 |
||